Efekt Honda

Autá pre "post-motorizovaný svet". Strategické výhľady do budúcnosti. Soičiro Honda a jeho sen - založenie firmy. Stratégia trvalo udržateľného rozvoja. Ambiciózne plány. Základné body úspešnosti spoločnosti Honda Motor.

Uložené v:
Podrobná bibliografia
Hlavný autor: Kapoun, Jan
Médium: Kapitola
Jazyk:Czech
Predmet:
Tagy: Pridať tag
Žiadne tagy, Buďte prvý, kto otaguje tento záznam!

MARC

LEADER 00000naa a2200000 4500
001 0168385
005 20231211093350.8
041 0 |a cze 
044 |a CZ 
245 1 0 |a Efekt Honda  |c Jan Kapoun 
520 |a Autá pre "post-motorizovaný svet". Strategické výhľady do budúcnosti. Soičiro Honda a jeho sen - založenie firmy. Stratégia trvalo udržateľného rozvoja. Ambiciózne plány. Základné body úspešnosti spoločnosti Honda Motor. 
610 2 0 |a motocykle 
610 2 0 |a automobily osobné 
610 2 0 |a firmy 
610 2 0 |a výroba 
610 2 0 |a podnikanie 
610 2 0 |a manažéri 
610 2 0 |a priemysel automobilový 
610 2 0 |a výskum 
610 2 0 |a vývoj 
610 2 0 |a Japonsko 
100 1 |a Kapoun, Jan